| 000 | 00353nam a2200133Ia 4500 | ||
|---|---|---|---|
| 008 | 240624s9999 xx 000 0 und d | ||
| 041 | _aeng | ||
| 082 | _a621.382 BER | ||
| 100 | _aBERNSTEIN GREG | ||
| 245 | _aOPTICAL NETWORK CONTROL ARCHITECTURE PRO | ||
| 260 |
_c2004 _aDelhi _bPearson Education |
||
| 300 | _axvii, : 444 : cm. ; 24 | ||
| 365 |
_cRS _b31.5 |
||
| 999 |
_c1753 _d1753 |
||